Loading...
| Science - Biology | 0 | 6 | 1 | 1 | 55 | 34 | 73.67 | 0 | 5 | 0.00 | 0.00 |
| History - Other | 0 | 2 | 0 | 0 | 20 | 36 | 56.00 | 0 | 1 | 0.00 | 0.00 |
| Science - Other | 0 | 2 | 0 | 0 | 20 | 25 | 26.00 | 2 | 2 | 0.00 | 0.00 |
| Science - Physics | 0 | 2 | 0 | 1 | 20 | 44 | 80.00 | 0 | 1 | 0.00 | 0.00 |
| History - World | 0 | 2 | 0 | 1 | 20 | 19 | 72.00 | 1 | 1 | 0.00 | 0.00 |
| Social Science | 0 | 1 | 0 | 1 | 10 | 107 | 107.00 | 0 | 1 | 0.00 | 0.00 |
| Literature - American | 0 | 1 | 0 | 0 | 10 | 45 | 45.00 | 0 | 0 | 0.00 | 0.00 |
| Mythology | 0 | 1 | 0 | 0 | 10 | 38 | 38.00 | 0 | 1 | 0.00 | 0.00 |
| Philosophy | 0 | 1 | 0 | 1 | 10 | 125 | 125.00 | 0 | 1 | 0.00 | 0.00 |
| Current Events | 0 | 0 | 2 | 0 | -10 | 0.00 | 0 | 0 | 0.00 | 0.00 |